مكتبة جامعة عجلون الوطنية

فهرس بحث المكتبة

التنظيم القانوني للوقف القضائي في الدعوى المدنية في القانون الاردني=Legal regulation to judicial suspension in the civil case in the law of jordan (Record no. 31272)

MARC details
000 -LEADER
fixed length control field 01091nam a2200241Ii 4500
003 - CONTROL NUMBER IDENTIFIER
control field JO-AjNU
005 - DATE AND TIME OF LATEST TRANSACTION
control field 20240629132327.0
008 - FIXED-LENGTH DATA ELEMENTS--GENERAL INFORMATION
fixed length control field 230605s9999||||xx |||||||||||||| ||und||
040 ## - CATALOGING SOURCE
Original cataloging agency JO-AjNU
Language of cataloging ara
Description conventions rda
Transcribing agency JO-AjNU
041 ## - LANGUAGE CODE
Language code of text/sound track or separate title ara
050 14 - LIBRARY OF CONGRESS CALL NUMBER
Classification number KBP637 2021
100 ## - MAIN ENTRY--PERSONAL NAME
Personal name عنانزه، علي محمد قويدر
Relator term معد
9 (RLIN) 65819
245 00 - TITLE STATEMENT
Title التنظيم القانوني للوقف القضائي في الدعوى المدنية في القانون الاردني=Legal regulation to judicial suspension in the civil case in the law of jordan
Statement of responsibility, etc. / اعداد علي محمد قويدر عنانزه ؛ اشراف محمد بني مقداد
264 31 - PRODUCTION, PUBLICATION, DISTRIBUTION, MANUFACTURE, AND COPYRIGHT NOTICE
Place of production, publication, distribution, manufacture 2021
300 ## - PHYSICAL DESCRIPTION
Extent 130 ورقة
336 ## - CONTENT TYPE
Content type term text
Content type code txt
Source rdacontent
337 ## - MEDIA TYPE
Media type term unmediated
Media type code n
Source rdamedia
338 ## - CARRIER TYPE
Carrier type term volume
Carrier type code nc
Source rdacarrier
500 ## - GENERAL NOTE
General note رسالة جامعية ( اطروحة ماجستير) جامعة عجلون الوطنية: كلية الحقوق ، قانون،2021
650 #4 - SUBJECT ADDED ENTRY--TOPICAL TERM
Topical term or geographic name entry element الوقف- قوانين
9 (RLIN) 61307
700 ## - ADDED ENTRY--PERSONAL NAME
Personal name محمد بني مقداد
Relator term مشرف
9 (RLIN) 65821
942 ## - ADDED ENTRY ELEMENTS (KOHA)
Source of classification or shelving scheme Library of Congress Classification
Koha item type Thesis
Holdings
Withdrawn status Lost status Source of classification or shelving scheme Damaged status Not for loan Home library Current library Shelving location Date acquired Total Checkouts Full call number Barcode Date last seen Price effective from Koha item type
    Library of Congress Classification     مكتبة جامعة عجلون الوطنية مكتبة جامعة عجلون الوطنية المراجع 29/06/2024   KBP637 2021 A27704 06/06/2023 29/06/2024 Thesis
    Library of Congress Classification     مكتبة جامعة عجلون الوطنية مكتبة جامعة عجلون الوطنية   29/06/2024   KBP637 2021 a27705 29/06/2024 29/06/2024 Thesis